000 00446nam a2200181Ia 4500
001 3862
005 20260306145714.0
008 260306t2021||||xx |||||||||||||| ||spa||
041 _aESP
082 _a303.69
_bF54
100 _aFisas Armengol, Vicenç
_eAUT
245 0 _aManual de negociación de conflictos políticos
260 _c2021
300 _a114 páginas :
_c21 cm.
650 _aGEN
654 _aCHU
942 _cLIB
_dJUS
_fJUS
_2ddc
_n
999 _c3862
_d3862